| 000 | 00350nam a22001457a 4500 | ||
|---|---|---|---|
| 003 | MACL | ||
| 005 | 20190411160322.0 | ||
| 008 | 190411b xxu||||| |||| 00| 0 eng d | ||
| 040 | _cMACL | ||
| 100 |
_aTaj,Farhana _974249 |
||
| 245 | _aScience in Holy Vedas | ||
| 260 |
_aDelhi _bSanjay Prakashan _c2017 |
||
| 650 |
_aReligion _974250 |
||
| 942 |
_2ddc _cBK |
||
| 999 |
_c59340 _d59340 |
||